|
|
|
|
| LEADER |
00000nam2a2200000 4500 |
| 001 |
278006 |
| 005 |
20231101235054.0 |
| 035 |
|
|
|a (RuTPU)RU\TPU\book\301283
|
| 035 |
|
|
|a RU\TPU\book\245141
|
| 090 |
|
|
|a 278006
|
| 100 |
|
|
|a 20141208d2009 k y0rusy50 ca
|
| 101 |
0 |
|
|a rus
|
| 102 |
|
|
|a RU
|
| 105 |
|
|
|a a z 001zy
|
| 200 |
0 |
|
|a № 1 (19), Ч. 1
|f гл. ред. А. В. Кобзев
|
| 210 |
|
|
|d 2009
|
| 215 |
|
|
|a 236 с.
|c ил.
|
| 320 |
|
|
|a Библиогр. в конце статей
|
| 461 |
|
1 |
|0 (RuTPU)RU\TPU\book\38503
|t Доклады Томского государственного университета систем управления и радиоэлектроники
|f Томский государственный университет систем управления и радиоэлектроники
|v № 1 (19), Ч. 1
|d 1997-
|
| 606 |
1 |
|
|a Радиоэлектроника
|2 stltpush
|3 (RuTPU)RU\TPU\subj\69507
|9 84342
|
| 610 |
1 |
|
|a электроника
|
| 610 |
1 |
|
|a измерительная техника
|
| 610 |
1 |
|
|a радиотехника
|
| 610 |
1 |
|
|a связь
|
| 610 |
1 |
|
|a управление
|
| 610 |
1 |
|
|a вычислительная техника
|
| 610 |
1 |
|
|a информатика
|
| 610 |
1 |
|
|a гуманитарные науки
|
| 610 |
1 |
|
|a фазовые пеленгаторы
|
| 610 |
1 |
|
|a сотовая связь
|
| 610 |
1 |
|
|a покрытие
|
| 610 |
1 |
|
|a расчет
|
| 610 |
1 |
|
|a волноводные излучатели
|
| 610 |
1 |
|
|a синтезаторы
|
| 610 |
1 |
|
|a угловая модуляция
|
| 610 |
1 |
|
|a оптические изображения
|
| 610 |
1 |
|
|a освещенность
|
| 610 |
1 |
|
|a полевые транзисторы
|
| 610 |
1 |
|
|a полосовые усилители
|
| 610 |
1 |
|
|a биполярные транзисторы
|
| 610 |
1 |
|
|a каскад
|
| 610 |
1 |
|
|a каскадные режимы
|
| 610 |
1 |
|
|a стабилизация
|
| 610 |
1 |
|
|a промышленные роботы
|
| 610 |
1 |
|
|a программирование
|
| 610 |
1 |
|
|a эксцентриковые передачи
|
| 610 |
1 |
|
|a планетарные передачи
|
| 610 |
1 |
|
|a отраженное солнечное излучение
|
| 610 |
1 |
|
|a моделирование
|
| 610 |
1 |
|
|a сталь
|
| 610 |
1 |
|
|a внепечная обработка
|
| 610 |
1 |
|
|a измерительные сигналы
|
| 610 |
1 |
|
|a структурный анализ
|
| 610 |
1 |
|
|a облигации
|
| 610 |
1 |
|
|a стоимость
|
| 610 |
1 |
|
|a размещение
|
| 610 |
1 |
|
|a экономико-управленческие задачи
|
| 610 |
1 |
|
|a золотое сечение
|
| 610 |
1 |
|
|a эксперты
|
| 610 |
1 |
|
|a оценка
|
| 610 |
1 |
|
|a отбор
|
| 610 |
1 |
|
|a помехоустойчивые коды Лаби
|
| 610 |
1 |
|
|a учебные занятия
|
| 610 |
1 |
|
|a расписание
|
| 610 |
1 |
|
|a автоматизированное составление
|
| 610 |
1 |
|
|a арифметические выражения
|
| 610 |
1 |
|
|a упрощение
|
| 675 |
|
|
|a 621.37/.39
|v 3
|
| 702 |
|
1 |
|a Кобзев
|b А. В.
|c электротехник, доктор технических наук, профессор
|c ректор Томского государственного университета систем управления и радиоэлектроники (ТУСУР) 1999-2009
|f 1944-2021
|g Анатолий Васильевич
|2 stltpush
|3 (RuTPU)RU\TPU\pers\11826
|4 651
|
| 801 |
|
1 |
|a RU
|b 63413507
|c 20120703
|
| 801 |
|
2 |
|a RU
|b 63413507
|c 20220208
|g RCR
|
| 942 |
|
|
|c BK
|